Presidential Occupations Quiz Stats

Quiz not verified by Sporcle

Challenge
Share
Tweet
Embed
Score 0/27 Timer 05:00
0 Plays Today
Occupation President(s) % Correct
Actor, corporate spokesman, radio announcerRonald Reagan
98.9%
Peanut farmer, soldierJimmy Carter
81.5%
Oil executive, sports team ownerGeorge W Bush
81.5%
Community organizer, lawyer, professor, writerBarak Obama
81.5%
Oil executive, CIA directorGeorge HW Bush
77.7%
Soldier (4)William Henry Harrison, Zachary Taylor, Ulysses S Grant, Dwight D Eisenhower
72.8%
Lawyer (9)James Madison, Martin Van Buren, John Tyler, James Polk, Millard Fillmore, James Buchanan, Calvin Coolidge, Franklin D Roosevelt, Bill Clinton
66.8%
Engineer, businessmanHerbert Hoover
63.6%
Lawyer, professor, college presidentWoodrow Wilson
62%
Farmer, soldier, haberdasher, judgeHarry S Truman
60.9%
Lawyer, writer, inventor, planter, teacherThomas Jefferson
55.4%
Soldier, planterGeorge Washington
50.5%
Lawyer, judge, law school deanWilliam Howard Taft
49.5%
Lawyer, soldier (6)James Monroe, Franklin Pierce, Rutherford B Hayes, William McKinley, Richard Nixon, Gerald Ford
47.8%
Occupation President(s) % Correct
Lawyer, postmaster, shopkeeperAbraham Lincoln
46.7%
Soldier, frontier lawyer, planterAndrew Jackson
44.4%
TailorAndrew Johnson
44%
Soldier, writer, rancher, deputy sheriffTheodore Roosevelt
42.4%
Newspaper editor, journalistWarren G Harding
41.8%
Schoolteacher, lawyer, tariff collectorChester A Arthur
38.6%
Schoolteacher, soldierLyndon B Johnson
37.5%
Writer, journalist, soldierJohn F Kennedy
35.3%
Lawyer, schoolteacherJohn Adams
34.2%
Lawyer, professorJohn Quincy Adams
33.7%
Lawyer, sheriffGrover Cleveland
33.2%
Schoolteacher, soldier, preacher, lawyerJames A Garfield
32.7%
Lawyer, soldier, journalistBenjamin Harrison
22.8%

You're not logged in!

Compare scores with friends on all Sporcle quizzes.
Sign Up with Email
OR
Log In

You Might Also Like...

Show Comments

Extras

Top Quizzes Today


Score Distribution

Your Account Isn't Verified!

In order to create a playlist on Sporcle, you need to verify the email address you used during registration. Go to your Sporcle Settings to finish the process.